00639nam a2200205Ia 4500003000900000008004100009020002200050040001600072080001500088100002300103245009900126260003400225300001400259490006300273650002100336650001200357650001800369650002800387650001800415IN-BaIIA211028s9999 xx 000 0 eng d a978-0-19-850782-6 cIIA Library a539.1bVOL aVolovik, Grigory E 4aThe universe in a helium dropletcGrigory E. Volovik  aOxfordbClarendon Pressc2003 axx, 509p. aThe International series of monographs on physics; no. 117 aEffective theory aGravity aHydrodynamics aQuantum electrodynamics aSuperfluidity